| 000 | 00379nam a22001577a 4500 | ||
|---|---|---|---|
| 005 | 20230607193226.0 | ||
| 008 | 230607b |||||||| |||| 00| 0 eng d | ||
| 020 | _a9780470941881 | ||
| 082 |
_a005.446 _bRAT-M |
||
| 100 | _aRathbone:Andy | ||
| 245 | _aWindows 7 & Office 2010 for dummies | ||
| 260 | _aIndia | ||
| 650 | _aEngineering | ||
| 700 | _aAndy Rathbone | ||
| 999 |
_c18654 _d18654 |
||